000 00539nam a2200205 a 4500
001 3937
003 CO-ViMGA
008 141112s2004 ck r 000 u spa d
040 _aCO-ViMGA
_bspa
_cCO-ViMGA
082 0 4 _a463.1 S153
100 1 _aSalgado, Hugo
_954188
245 1 0 _aQue es la ortografía? :
_buna experiencia de aprendizaje
250 _a2a
260 _aBuenos Aires :
_bAique,
_c1993
300 _a71 p
490 _aLa palabra
650 1 4 _aESPAÑOL - ORTOGRAFIA
_95486
650 1 4 _aORTOGRAFIA
_96186
942 _2ddc
_cBK
999 _c15955
_d15955